000 00432nam a22001577a 4500
003 SISC
005 20160404091643.0
008 130902t xxu||||| |||| 00| 0 eng d
050 _aHS 3341
_bC196
082 _aHS 796.
_b54 Ca15 19
245 _aA- Camping we go.
260 _aManila :
_bGirl Scouts of the Philippines National Headquarters,
_c19- -
300 _a93 cm.
_bill. :
_c21 cm
942 _2lcc
_cBK
999 _c10225
_d10225